Toward ethical and fair AI for territorial governance: A low-tech prototype for enhanced decision-making (notice n° 1575795)
[ vue normale ]
| 000 -LEADER | |
|---|---|
| fixed length control field | 01029cam a2200193 4500500 |
| 005 - DATE AND TIME OF LATEST TRANSACTION | |
| control field | 20251214033409.0 |
| 041 ## - LANGUAGE CODE | |
| Language code of text/sound track or separate title | fre |
| 042 ## - AUTHENTICATION CODE | |
| Authentication code | dc |
| 100 10 - MAIN ENTRY--PERSONAL NAME | |
| Personal name | Schoch, Patrice |
| Relator term | author |
| 245 00 - TITLE STATEMENT | |
| Title | Toward ethical and fair AI for territorial governance: A low-tech prototype for enhanced decision-making |
| 260 ## - PUBLICATION, DISTRIBUTION, ETC. | |
| Date of publication, distribution, etc. | 2025.<br/> |
| 500 ## - GENERAL NOTE | |
| General note | 50 |
| 520 ## - SUMMARY, ETC. | |
| Summary, etc. | This article presents a low-tech prototype designed to structure stakeholder relations and PESTEL vulnerabilities within a framework of territorial governance. Tested in a municipality, it represents an initial building block toward a territorial artificial intelligence system (SIAT) that is ethical, explainable, and tailored to local specificities. |
| 700 10 - ADDED ENTRY--PERSONAL NAME | |
| Personal name | Le Rudulier, Karine |
| Relator term | author |
| 700 10 - ADDED ENTRY--PERSONAL NAME | |
| Personal name | Baron, François |
| Relator term | author |
| 700 10 - ADDED ENTRY--PERSONAL NAME | |
| Personal name | Kefi, Mohamed Karim |
| Relator term | author |
| 786 0# - DATA SOURCE ENTRY | |
| Note | Management & Avenir | 148 | 4 | 2025-09-08 | p. 45-65 | 1768-5958 |
| 856 41 - ELECTRONIC LOCATION AND ACCESS | |
| Uniform Resource Identifier | <a href="https://shs.cairn.info/journal-management-avenir-2025-4-page-45?lang=en&redirect-ssocas=7080">https://shs.cairn.info/journal-management-avenir-2025-4-page-45?lang=en&redirect-ssocas=7080</a> |
Pas d'exemplaire disponible.




Réseaux sociaux